| 000 | 00816nam a22002177a 4500 | ||
|---|---|---|---|
| 003 | 0 | ||
| 005 | 20250902105617.0 | ||
| 008 | 250902b xxu||||| |||| 00| 0 eng d | ||
| 020 | _a978-1-5296-8976-1 | ||
| 050 |
_aLB 1139.L3 _b.C66 2025 |
||
| 245 |
_aCommunication & language in early childhood today / _cedited by Julie Kent and Tanya Richardson. |
||
| 260 |
_aLondon : _bLearning Matters, a Sage Publishing Company, _c2025. |
||
| 300 |
_axiv, 167 pages ; _c25 cm. |
||
| 504 | _aIncludes bibliographical references and index. | ||
| 650 |
_aLanguage acquisition _xStudy and teaching (Early childhood). |
||
| 650 | _aCommunication in education. | ||
| 650 | _aEarly childhood education. | ||
| 650 |
_aChildren _xLanguage. |
||
| 650 |
_aOral communication _xStudy and teaching (Early childhood). |
||
| 942 |
_2lcc _cBK |
||
| 999 |
_c367743 _d367743 |
||